Statistics for modern countries of the Carthaginian empire

Click here to take the quiz!

General Stats

  • This quiz has been taken 81 times
  • The average score is 7 of 7

Answer Stats

Answer% Correct
Spain
100%
Tunisia
99%
Algeria
97%
Morocco
97%
Italy
96%
Libya
96%
France
84%

Score Distribution

Percentile by Number Answered

Percent of People with Each Score

Your Score History

You have not taken this quiz